Statistics for IPL Teams Captains Guess By Logos

Click here to take the quiz!

General Stats

  • This quiz has been taken 80 times
  • The average score is 6 of 10

Answer Stats

Answer% Correct
Rohit Sharma
88%
Mahendra Singh Dhoni
83%
Hardik Pandya
81%
KL Rahul
76%
Sanju Samson
64%
Faf Du Plessis
57%
Rishabh Pant
38%
Shikhar Dhawan
34%
Shreyas Iyer
33%
Kane Williamson
21%

Score Distribution

Percentile by Number Answered

Percent of People with Each Score

Your Score History

You have not taken this quiz